So Close To What (deluxe) - Album (Tate McRae) - Statistics

General Stats
  • This quiz has been taken 185 times
    49 since last reset
  • The average score is 18 of 21
Answer Stats
# Title % Correct
14. (feat. The Kid LAROI) I know love
100%
20. (bonus) Siren Sounds
100%
9. (feat. Flo Milli) bloodonmyhands
97%
12. Sports car
97%
2. ANYTHING BUT LOVE
94%
6. Miss possessive
94%
4. HORSESHOE
92%
5. TIT FOR TAT
92%
7. 2 hands
89%
3. NOBODY'S GIRL
89%
11. Purple lace bra
89%
19. Greenlight
86%
8. Revolving door
86%
21. Nostalgia
83%
1. TRYING ON SHOES
81%
10. Dear god
78%
17. No I'm not in love
78%
18. Means I care
75%
13. Signs
75%
15. Like I do
72%
16. It's ok I'm ok
69%
No matching quizzes found
Score Distribution
Percent of People with Each Score
Percentile by Number Answered
Your Score History
You have not taken this quiz since the last reset